Real Hasta La Muerte - Anuel AA - Statistics

General Stats
  • This quiz has been taken 61 times
  • The average score is 9 of 12
Answer Stats
Hint Answer % Correct
7.ft. Ozuna Brindemos
93%
11.ft. Ñengo Flow Yeezy
93%
3.ft. Zion Hipocrita
83%
2. Quiere Beber
80%
10. Naturaleza
78%
9. Tu No Lo Amas
75%
1. Na' Nuevo
73%
8. Espina
70%
4. Modo de Avion
70%
5. Bandolera
65%
6.ft. Wisin Pensando en Ti
63%
12. Te necesito
58%
No matching quizzes found
Score Distribution
Percent of People with Each Score
Percentile by Number Answered
Your Score History
You have not taken this quiz